| 000 | 00482nam a2200181Ia 4500 | ||
|---|---|---|---|
| 008 | 240925s9999 xx 000 0 und d | ||
| 020 | _a9780471728979 | ||
| 082 | _a510.2462 KRE | ||
| 100 | _aKreyszing, Erwin | ||
| 245 | 0 | _aAdvanced Engineering Mathematics | |
| 250 | _a9th | ||
| 260 |
_aSingapore: _bJohn Willey & Sons _c,2013. |
||
| 300 |
_a787p. _b0 _fOriginal |
||
| 500 | _aIncludes Index | ||
| 600 | _aHumanities & Natural Science | ||
| 650 | _aMathematics | ||
| 942 | _cBK | ||
| 999 |
_c13559 _d13559 |
||